Absurd Drama. (Record no. 268207)

MARC details
000 -LEADER
fixed length control field 00445nam a2200181Ia 4500
008 - FIXED-LENGTH DATA ELEMENTS--GENERAL INFORMATION
fixed length control field 090630s9999 xx 000 0 und d
082 ## - DEWEY DECIMAL CLASSIFICATION NUMBER
Item number 16351
100 ## - MAIN ENTRY--PERSONAL NAME
Personal name Prasad V. R. N.
245 ## - TITLE STATEMENT
Title Absurd Drama.
Statement of responsibility, etc Prasad V. R. N.
260 ## - PUBLICATION, DISTRIBUTION, ETC. (IMPRINT)
Name of publisher, distributor, etc Kirti Prakashan - Aurangabad.
300 ## - PHYSICAL DESCRIPTION
Extent 0
600 ## - SUBJECT ADDED ENTRY--PERSONAL NAME
Personal name Prasad V. R. N.
630 ## - SUBJECT ADDED ENTRY--UNIFORM TITLE
Uniform title Absurd Drama.
655 ## - INDEX TERM--GENRE/FORM
Genre/form data or focus term English.
700 ## - ADDED ENTRY--PERSONAL NAME
Personal name Prasad V. R. N.
730 ## - ADDED ENTRY--UNIFORM TITLE
Uniform title Absurd Drama.
942 ## - ADDED ENTRY ELEMENTS (KOHA)
Koha item type Book
Holdings
Withdrawn status Lost status Damaged status Not for loan Home library Current library Date acquired Cost, normal purchase price Total Checkouts Full call number Barcode Date last seen Cost, replacement price Price effective from Koha item type
        Sarvajanik Wachanalaya Shrivardhan Sarvajanik Wachanalaya Shrivardhan   125.00   16351 SAWASHRI-16351 06/30/2009 125.00 06/30/2009 Book